000 01180cam a2200325 a 4500
001 17956885
005 20180226071544.0
008 131127s2014 nyu 001 0 eng d
010 _a 2013956467
020 _a9780316230025 (hc)
020 _a0316230022 (hc)
020 _z9780316240000 (large print)
035 _a(OCoLC)ocn843858725
040 _aBTCTA
_beng
_cBTCTA
_dYDXCP
_dBDX
_dCNSAP
_dUPZ
_dGK5
_dKNJ
_dOCP
_dGRR
_dABG
_dBUR
_dJQM
_dWIM
_dMLY
_dVP@
_dQBX
_dDLC
_erda
041 _aeng
042 _alccopycat
080 _a613.2833 mar
082 0 4 _a613.2833
_223
082 0 4 _a613.25
_223
100 1 _a9
101 _anut
245 1 4 _aThe blood sugar solution 10-day detox diet :
_cMark Hyman, MD.
246 3 _aBlood sugar solution ten-day detox diet
246 3 0 _a10-day detox diet
246 3 0 _aTen-day detox diet
504 _aIncludes bibliographical references (pages 321-322) and indexes.
906 _a7
_bcbc
_ccopycat
_d2
_eepcn
_f20
_gy-gencatlg
942 _2ddc
_cBK
999 _c43448
_d43448